000 01277pam a2200349 a 4500
001 4433142
003 OSt
005 20250905070200.0
008 940523s1995 nyua b 001 0 eng
010 _a 94021843
020 _a9781461358671
035 _a4433142
040 _aSEKU
050 0 0 _aHF5415.7
_b.I553 1995
082 0 0 _a658.7
_220
245 0 0 _aInternational logistics /
_cDonald F. Wood ... [et al.].
260 _aNew York :
_bChapman & Hall,
_cc1995.
300 _avii, 370 p. :
_bill. ;
_c24 cm.
336 _atext
440 0 _aChapman & Hall materials management/logistics series
504 _aIncludes bibliographical references and index.
650 0 _aPhysical distribution of goods
_xManagement.
650 0 _aBusiness logistics.
650 0 _aInternational trade.
700 1 _aWood, Donald F.,
_d1935-
856 4 2 _3Publisher description
_uhttp://www.loc.gov/catdir/enhancements/fy0819/94021843-d.html
856 4 1 _3Table of contents only
_uhttp://www.loc.gov/catdir/enhancements/fy0819/94021843-t.html
906 _a7
942 _2lcc
_cGEN
999 _c18583
_d18583